Munkásgyűlés a MÁV-nál Újabb felajánlások
Elmentve itt :
| Dokumentumtípus: | Cikk |
|---|---|
| Megjelent: |
1985-02-22
|
| Sorozat: | Délmagyarország
75 No. 44 |
| Kulcsszavak: | vasutak, MÁV |
| Online Access: | http://dmarchiv.bibl.u-szeged.hu/110324 |
| LEADER | 00422nab a2200145 i 4500 | ||
|---|---|---|---|
| 001 | delm110324 | ||
| 005 | 20190913101324.0 | ||
| 008 | 190913s1985 hu o 0|| hun d | ||
| 040 | |a SZTE Délmagyarország Archívum |b hun | ||
| 041 | |a hun | ||
| 245 | 0 | 0 | |a Munkásgyűlés a MÁV-nál |h [elektronikus dokumentum] : |b Újabb felajánlások |
| 260 | |c 1985-02-22 | ||
| 300 | |a 5 | ||
| 490 | 0 | |a Délmagyarország |v 75 No. 44 | |
| 695 | |a vasutak, MÁV | ||